| 000 | 00449nam a2200157Ia 4500 | ||
|---|---|---|---|
| 008 | 210716s1999 xx 000 0 und d | ||
| 020 | _a0030234514 | ||
| 041 | _aeng | ||
| 082 | _a658.15 BRIE | ||
| 100 | _aBrigham, Eugene F;Gapenski, Louis C;Daves, Phillip R. | ||
| 245 | _aIntermediate financial management. | ||
| 250 | _a6 | ||
| 260 |
_aNew York _bThe Dyden press _c1999 |
||
| 300 | _axxvii,1083,C-11 | ||
| 650 | _aFinancial Management(658.15) | ||
| 999 |
_c206053 _d206053 |
||